Fighting for survival : environmental decline, social conflict, and the new age of insecurity /

Bibliographic Details
Main Author: Renner, Michael, 1957-
Format: Book
Language:English
Published: New York : Norton, [1996]
Edition:1st ed.
Series:Worldwatch environmental alert series.
Subjects:

MARC

Tag First Indicator Second Indicator Subfields
LEADER 00000cam a2200000 a 4500
001 in00001404843
005 20151020064025.0
008 961113s1996 nyua b 001 0 eng d
010 |a  96232410  
020 |a 039303996X :  |c $19.95 ($35.99 CAN.) 
020 |a 0393315681 (pbk) 
035 |a (OCoLC)35906639 
035 |9 AHP4345AM 
040 |a AAB  |c DLC  |d AGL  |d TXA  |d UtOrBLW 
042 |a lccopycat 
049 |a TXAM 
050 0 0 |a GE140  |b .R46 1996 
070 0 |a GE140.R46  |b 1996 
072 0 |a X700  |a X800  |a W000 
082 0 0 |a 304.2/8  |2 21 
100 1 |a Renner, Michael,  |d 1957- 
245 1 0 |a Fighting for survival :  |b environmental decline, social conflict, and the new age of insecurity /  |c Michael Renner. 
250 |a 1st ed. 
264 1 |a New York :  |b Norton,  |c [1996] 
264 4 |c ©1996 
300 |a 239 pages :  |b illustrations ;  |c 21 cm. 
336 |a text  |b txt  |2 rdacontent 
337 |a unmediated  |b n  |2 rdamedia 
338 |a volume  |b nc  |2 rdacarrier 
490 1 |a Worldwatch environmental alert series 
504 |a Includes bibliographical references and index. 
650 0 |a Environmental degradation  |x Social aspects. 
650 0 |a Social ecology. 
650 0 |a Economic security. 
830 0 |a Worldwatch environmental alert series. 
948 |a c:blr 
999 |a MARS 
999 f f |s a0ee6e17-f45b-3c47-b467-c0f11cffeb22  |i d53a8a8d-1056-384e-ac5c-101fd762e4ac  |t 0 
952 f f |p ric  |a Texas A&M University  |b Rellis Campus  |c Joint Library Facility  |d Remote Storage  |t 0  |e GE140 .R46 1996  |h Library of Congress classification  |i unmediated -- volume  |m A14823547874 
998 f f |a GE140 .R46 1996  |t 0  |l Remote Storage